| 000 | 00422nam a2200169 a 4500 | ||
|---|---|---|---|
| 001 | 13628 | ||
| 003 | CO-ViMGA | ||
| 008 | 141112s2004 ck r 000 u spa d | ||
| 040 |
_aCO-ViMGA _bspa _cCO-ViMGA |
||
| 082 | 0 | 4 | _aPe861 D466c |
| 100 | 1 |
_aDi Paola, Rossella _911386 |
|
| 245 | 1 | 0 | _aContinuidad de los cuadros |
| 260 |
_aLima : _bAntares, _c1988 |
||
| 300 | _a65 | ||
| 650 | 1 | 4 |
_aPOESIA PERUANA _911387 |
| 942 |
_2ddc _cBK |
||
| 999 |
_c24352 _d24352 |
||